Risultati della Juventus in UEFA Europa League 2022-2023 - Statistics

Statistiche generali
  • Questo quiz è stato fatto 53 volte
  • Il punteggio medio è 6 su 8
Statistiche sulle risposte
Hint Risposta % Corretto
Siviglia - Juventus 2-1 d.t.s. (1-1)
86%
Juventus - Friburgo 1-0
80%
Nantes - Juventus 0-3
77%
Friburgo - Juventus 0-2
73%
Juventus - Siviglia 1-1
73%
Juventus - Sporting Lisbona 1-0
66%
Sporting Lisbona - Juventus 1-1
66%
Juventus - Nantes 1-1
61%
Nessun quiz corrispondente trovato
Distribuzione punteggi
Percentuale di utenti per punteggio
Percentile per numero di risposta
I tuoi punteggi nel tempo
Non hai fatto questo quiz